Estatutos de la Asamblea Española de la Asociación Internacional de Socorros a Heridos en Campaña : (Record no. 41607)

MARC details
000 -LEADER
campo de control de longitud fija 00893nam a2200205 i 4500
001 - NÚMERO DE CONTROL
campo de control 41607
003 - IDENTIFICADOR DE NÚMERO DE CONTROL
campo de control ES-MaACL
005 - FECHA Y HORA DE LA ÚLTIMA TRANSACCIÓN
campo de control 20230906160449.0
007 - CAMPO FIJO DE DESCRIPCIÓN FÍSICA--INFORMACIÓN GENERAL
campo de control de longitud fija t|
008 - DATOS DE LONGITUD FIJA--INFORMACIÓN GENERAL
campo de control de longitud fija 190430s1868 sp ||||1| spa d
080 ## - NÚMERO DE LA CLASIFICACIÓN DECIMAL UNIVERSAL
Número de la Clasificación Decimal Universal 061.235(460.27 M.)(060.13)
110 2# - ENTRADA PRINCIPAL--NOMBRE DE ENTIDAD CORPORATIVA
Nombre de entidad corporativa o nombre de jurisdicción como elemento de entrada Asamblea Española de la Asociación Internacional de Socorros a Heridos en Campaña (Madrid)
9 (RLIN) 166932
245 10 - MENCIÓN DEL TÍTULO
Título Estatutos de la Asamblea Española de la Asociación Internacional de Socorros a Heridos en Campaña :
Resto del título reconocida como de utilidad pública por Real Orden de 6 de julio de 1864.
260 ## - PUBLICACIÓN, DISTRIBUCIÓN, ETC.
Lugar de publicación, distribución, etc. Madrid :
Nombre del editor, distribuidor, etc. [s.n.],
Fecha de publicación, distribución, etc. 1868 (
Fabricante Imp. de Alejandro Gómez Fuentenebro)
300 ## - DESCRIPCIÓN FÍSICA
Extensión 18 p. ;
Dimensiones 22 cm.
610 24 - PUNTO DE ACCESO ADICIONAL DE MATERIA--NOMBRE DE ENTIDAD CORPORATIVA
Nombre de entidad corporativa o nombre de jurisdicción como elemento de entrada Asamblea Española de la Asociación Internacional de Socorros a Heridos en Campaña (Madrid)-
Subdivisión de forma Estatutos.
9 (RLIN) 200437
852 4# - LOCALIZACIÓN
Ubicación ES-MaACL
Número de control de estantería T-113-F-1
852 4# - LOCALIZACIÓN
Ubicación ES-MaACL
Número de control de estantería T-157-F-8
Holdings
Estatus retirado Estado de pérdida Estado de daño No para préstamo Colección Biblioteca de origen Biblioteca actual Ubicación en estantería Fecha de adquisición Fuente de adquisición Total de préstamos Signatura topográfica completa Código de barras Visto por última vez Precio de reemplazo Tipo de ítem Koha
        Colección de folletos Biblioteca del Ateneo de Madrid Biblioteca del Ateneo de Madrid Depósito folletos 30/04/2019     T-113-F-1 1200443 23/02/2023 23/02/2023 Folleto
        Colección de folletos Biblioteca del Ateneo de Madrid Biblioteca del Ateneo de Madrid Depósito folletos 04/04/2005     T-157-F-8 1201834 23/02/2023 23/02/2023 Folleto